| Tag |
First Indicator |
Second Indicator |
Subfields |
| LEADER |
00000cam a2200000 a 4500 |
| 001 |
in00001404970 |
| 005 |
20151020064104.0 |
| 008 |
971003s1998 nyua b 001 0 eng |
| 010 |
|
|
|a 97038711
|z 97041590
|
| 020 |
|
|
|a 0824798775 (acid-free paper)
|
| 035 |
|
|
|a (OCoLC)37748519
|
| 035 |
|
|
|9 AHP4478AM
|
| 040 |
|
|
|a DLC
|c DLC
|d C#P
|d TXA
|d UtOrBLW
|
| 049 |
|
|
|a TXAM
|
| 050 |
0 |
0 |
|a TJ246
|b .G38 1998
|
| 082 |
0 |
0 |
|a 621.8/85
|2 21
|
| 245 |
0 |
0 |
|a Gaskets and gasketed joints /
|c edited by John H. Bickford.
|
| 264 |
|
1 |
|a New York :
|b Marcel Dekker,
|c [1998]
|
| 264 |
|
4 |
|c ©1998
|
| 300 |
|
|
|a xi, 596 pages :
|b illustrations ;
|c 24 cm.
|
| 336 |
|
|
|a text
|b txt
|2 rdacontent
|
| 337 |
|
|
|a unmediated
|b n
|2 rdamedia
|
| 338 |
|
|
|a volume
|b nc
|2 rdacarrier
|
| 504 |
|
|
|a Includes bibliographical references and index.
|
| 650 |
|
0 |
|a Gaskets.
|
| 650 |
|
0 |
|a Joints (Engineering)
|
| 700 |
1 |
|
|a Bickford, John H.,
|d 1926-
|
| 948 |
|
|
|a c:jal
|
| 999 |
|
|
|a MARS
|
| 999 |
f |
f |
|s 8f2214eb-4960-35dd-8092-562f7ef2d7bf
|i 1b673a71-e2f1-3e13-aa95-131d474e3f8a
|t 0
|
| 952 |
f |
f |
|p normal
|a Texas A&M University
|b College Station
|c Sterling C. Evans Library
|d Evans: Library Stacks
|t 0
|e TJ246 .G38 1998
|h Library of Congress classification
|i unmediated -- volume
|m A14822491216
|
| 998 |
f |
f |
|a TJ246 .G38 1998
|t 0
|l Evans: Library Stacks
|